Whitney Houston - Fill in the Blanks - Song Titles - Statistics

General Stats
  • This quiz has been taken 217 times
  • The average score is 12 of 15
Answer Stats
Title Missing Words % Correct
I Wanna _____ With Somebody (Who Loves Me) Dance
100%
I Will ______ Love You Always
99%
________ Love of All Greatest
96%
I'm Every _____ Woman
90%
How Will I ____ Know
89%
I Have _______ Nothing
89%
Where Do ______ Hearts Go Broken
86%
One ______ in Time Moment
84%
______ All My Love for You Saving
83%
It's Not Right but It's ____ Okay
79%
I'm Your ____ Tonight Baby
77%
All the ___ That I Need Man
68%
When You _______ Believe
62%
So _________ Emotional
47%
Could I Have This ____ Forever Kiss
36%
No matching quizzes found
Score Distribution
Percent of People with Each Score
Percentile by Number Answered
Your Score History
You have not taken this quiz